015750000a22002770004500003001100000008004100011040003900052041000800091082001300099245004600112260006100158300001000219490001200229650013800241650010300379650014700482650012400629650011200753650013400865650006800999650008901067700003101156942000701187952008801194999001501282LK-CoMWRAF230817t ||||| |||| 00| 0 eng d aLK-CoMWRAFdLK-CoMWRAFeLK-CoMWRAF aeng a300bEMP aEmpowermentbA Journal of Women for Women bWomen for Women: A Research and Study GroupaDhakac1997 ap.124 aVol. 04 aFamily Psychosocial Dynamics in the Context of Rapid Economic and Social change in Malaysia by Rosnah Ismail, Wan Rafaei Abdul Rahman aHistory of Literacy Efforts for Women in Bangladesh: Various Issues and Dimensions by Jahanara Huq aIncome-earning Women from Rural Bangladesh: Change in Attitude and Knowledge by Syed Masud Ahmed, Alayne Adams, A.M.R. Chowdhury, Abbas Bhuiya aIs Participation in University Administration a Taboo for Women? An Exploration of the Problem by Farah Deeba Chowdhury aMainstreaming Women in Development Plans: A few Critical Comments on the fifth five year Plan by Rita Afsar aOrganizing Women for Self Reliance: an Experience from a Muslim Village in West Bengal, India by Sekh Rahim Mondal, Rokaiya Begum aPatriarchy as a Concept: Dealing with Diversity by Sadeka Halim aWomen's Participation in Employment: Its History and Determinants by Qazi Shamsuddin aBegum,, Hamida Akhtareed. cBK 00104070aMAINbMAINd2023-08-17l0o300 EMPpRAF4385r2023-08-17w2023-08-17yBK c1959d1959